Curso de contabilidad : (Record no. 36410)
[ view plain ]
| 000 -CABECERA | |
|---|---|
| campo de control de longitud fija | 00910nam a2200217 a 4500 |
| 001 - NÚMERO DE CONTROL | |
| campo de control | 000036920 |
| 005 - FECHA Y HORA DE LA ÚLTIMA TRANSACCIÓN | |
| campo de control | 20200930080025.0 |
| 008 - DATOS DE LONGITUD FIJA--INFORMACIÓN GENERAL | |
| campo de control de longitud fija | 120206s1972 mx 000 0 spa d |
| 040 ## - FUENTE DE LA CATALOGACIÓN | |
| Centro catalogador/agencia de origen | DO-SdBNP |
| Lengua de catalogación | spa |
| Centro/agencia transcriptor | BNPHU |
| 082 ## - NÚMERO DE LA CLASIFICACIÓN DECIMAL DEWEY | |
| Número de clasificación | xxxx |
| Número de documento/Ítem | xxxx |
| 100 1# - ENTRADA PRINCIPAL--NOMBRE DE PERSONA | |
| Nombre de persona | Finney, Harry Anson, |
| Fechas asociadas al nombre | 1886-1966 |
| Forma completa/desarrollada del nombre | (Harry Anson) |
| 9 (RLIN) | 63318 |
| 245 10 - MENCIÓN DE TÍTULO | |
| Título | Curso de contabilidad : |
| Resto del título | introducción / |
| Mención de responsabilidad, etc. | por H. A. Finney ... y Herbert E. Miller ; traducción al español de la 5a. ed. en inglés por Julián Vásquez Prada. |
| 250 ## - MENCIÓN DE EDICIÓN | |
| Mención de edición | 3a. ed. |
| 260 ## - PUBLICACIÓN, DISTRIBUCIÓN, ETC. | |
| Lugar de publicación, distribución, etc. | México : |
| Nombre del editor, distribuidor, etc. | Unión Tip. Ed. Hispano Americana, |
| Fecha de publicación, distribución, etc. | 1972. |
| 300 ## - DESCRIPCIÓN FÍSICA | |
| Extensión | v. : ; |
| Dimensiones | 22 cm. |
| 490 1# - MENCIÓN DE SERIE | |
| Mención de serie | Biblioteca Uthea de contabilidad superior ; |
| -- | v. 1-2 |
| 505 2# - NOTA DE CONTENIDO CON FORMATO | |
| Información miscelánea | v. 2 |
| Título | respuestas a las preguntas y soluciones a los problemas |
| 700 1# - PUNTO DE ACCESO ADICIONAL--NOMBRE DE PERSONA | |
| Nombre de persona | Miller, Herbert E. |
| 9 (RLIN) | 48839 |
| 700 1# - PUNTO DE ACCESO ADICIONAL--NOMBRE DE PERSONA | |
| Nombre de persona | Vázquez Prada, Julián |
| Término indicativo de función/relación | tr. |
| 9 (RLIN) | 63319 |
| 830 #0 - PUNTO DE ACCESO ADICIONAL DE SERIE-TÍTULO UNIFORME | |
| Título uniforme | Biblioteca Uthea de contabilidad superior ; |
| Designación de volumen o secuencia | v. 1-2 |
| 9 (RLIN) | 63320 |
| Estado de retiro | Estado de pérdida | Restricciones de uso | No para préstamo | Código de colección | Localización permanente | Ubicación/localización actual | Ubicación en estantería | Fecha de adquisición | Número de inventario | Total de préstamos | Signatura topográfica completa | Código de barras | Fecha visto por última vez | Precio válido a partir de | Tipo de ítem Koha | Número de copia |
|---|---|---|---|---|---|---|---|---|---|---|---|---|---|---|---|---|
| Excluido de préstamo | Monografías: Libros y Folletos | General | General | Depósito | 06.02.2012 | LF1 | xxxx xxxx | 36920-10 | 25.06.2020 | 25.06.2020 | No se presta | |||||
| Extraviado | Excluido de préstamo | Monografías: Libros y Folletos | General | General | Extraviado | 04.09.2013 | LF1 | xxxx xxxx | 36920-20 | 25.06.2020 | 25.06.2020 | No se presta | e. 2 | |||
| Extraviado | Monografías: Libros y Folletos | General | General | Extraviado | 23.01.2015 | LF1 | xxxx xxxx | 36920-30 | 25.06.2020 | 25.06.2020 | Préstamo en sala | e. 3 |
